Process control and optimization handbook for the hydrocarbon processing industries

Guardat en:
Dades bibliogràfiques
Autor principal: Kane, Les A (Autor)
Format: Llibre
Idioma:anglès
Publicat: Houston Gulf 1980
Matèries:
Etiquetes: Afegir etiqueta
Sense etiquetes, Sigues el primer a etiquetar aquest registre!

MARC

LEADER 00000nam a2200000 a 4500
001 UCU7304
003 CL-VaPUC
008 960628e19800000US |||||||||||||||||eng|d
082 0 4 |a 661.81  |b KAN  |2 21 
100 0 |a Kane, Les A  |e author  |9 366064 
245 1 0 |a Process control and optimization handbook for the hydrocarbon processing industries 
300 |a 247 p 
942 |c BK 
945 |d 19960628 00:00:00  |a paguirre 
260 |a Houston  |b Gulf  |c 1980 
650 0 |a Tecnología química   |9 263002 
650 0 |a Procesos industriales  |9 334036 
650 7 |a HIDROCARBUROS  |2 CL-VaPUC  |9 344783 
650 0 |a Optimización  |9 339671 
650 0 |a Plantas industriales  |9 364524 
583 |a last modification  |c 19960628 00:00:00  |k Rodrigo Vera 
999 |c 249971  |d 249969 
952 |0 0  |1 0  |4 0  |6 661_810000000000000_KAN_1980  |7 0  |8 A  |9 267578  |a BIBING  |b BIBING  |d 2019-11-19  |i 1698443  |o 661.81 KAN 1980  |p 1698443  |r 2025-01-20  |w 2019-11-19  |y BK  |k EIQ